000 00592nam a2200229Ia 4500
003 OSt
005 20221005115617.0
006 a|||||r|||| 00| 0
007 ta
008 221004b |||||||| |||| 00| 0 mal d
024 _a55017
037 _cTextual
040 _aCRL
_cCRL
_bmal
041 _2mal
_amal
082 _aO32,1M83,2, G7
100 _aWarrior Krishna Au.
_9627839
245 0 _aChitra nagarathil
260 _c1937
650 _aMALAYALAM LITERATURE
_938866
942 _hO32,1M83,2, G7
_cTEXL
_2cc
999 _c1035371
_d1035371